000 00338 a2200157 4500
001 24588
020 _a9788508162574
040 _cAnchieta - São Paulo/Itaigara
100 _aCaeiro, Alberto
240 1 0 _aVer de novo
_lpor
245 1 0 _aVer de novo
300 _a136
362 0 _a2013
650 4 _aLiteratura juvenil
942 _cBK
999 _c24588
_d24588